000 00450nam a2200181Ia 4500
008 230524s9999 xx 000 0 und d
020 _a9788120328921
082 _a624.1762
_bAGA
100 _aPankaj Agarwal
245 0 _aEarthquake Resistant Design of Structures
250 _a1
260 _aDelhi
_bPHI
_c2014
300 _a"xxiii,634p;"
500 _aQuantity Number: 22
650 _aCivil
700 _aManish Shrikhande
942 _cBK
999 _c55969
_d55969